| 000 | 00835nam a22002777a 4500 | ||
|---|---|---|---|
| 001 | 124542 | ||
| 003 | UA-OsUOA | ||
| 005 | 20220421191955.0 | ||
| 007 | ta | ||
| 008 | 20170811b un ||||| |||| 00| 0 ukr d | ||
| 020 | _a9660000154 | ||
| 040 |
_aUA-OsUOA _bukr _cUA-OsUOA _dUA-OsUOA |
||
| 041 | _aukr | ||
| 080 | _a821.161.2 | ||
| 090 |
_a821.161.2 _bЛ48 |
||
| 100 | _aЛепкий Б. | ||
| 245 |
_aТвори _bв 2 т. |
||
| 260 |
_aК. _bНаукова думка _c1997 |
||
| 300 | _a845 с. | ||
| 490 | _aБібліотека української літератури | ||
| 505 |
_gТ. 1 _tПоетичні твори, прозові твори, мемуари |
||
| 650 | 7 |
_a821 Художня література _2UDC |
|
| 942 |
_cBK _2udc |
||
| 955 | _a3 | ||
| 999 |
_c411648 _d411648 |
||